Socio-emotional impact of violent crime /

Bibliographic Details
Main Authors: Langton, Lynn (Author), Truman, Jennifer L. (Author)
Format: Government Document eBook
Language:English
Published: [Washington, D.C.] : U.S. Department of Justice, Office of Justice Programs, Bureau of Justice Statistics, 2014.
Series:Special report (United States. Bureau of Justice Statistics)
Subjects:
Online Access:https://purl.fdlp.gov/GPO/gpo59967
http://purl.fdlp.gov/GPO/gpo59967

MARC

Tag First Indicator Second Indicator Subfields
LEADER 00000cam a2200000Ii 4500
001 in00003598721
005 20210430153142.0
006 m o d f
007 cr m||||||||||
008 150814s2014 dcua os f000 0 eng d
035 |a (OCoLC)ocn918586451 
043 |a n-us--- 
040 |a GPO  |b eng  |e rda  |e pn  |c GPO  |d MvI 
049 |a WWW 
074 |a 0968-H-79 (online) 
086 0 |a J 29.13:SO 1 
100 1 |a Langton, Lynn,  |e author. 
245 1 0 |a Socio-emotional impact of violent crime /  |c Lynn Langton and Jennifer Truman. 
264 1 |a [Washington, D.C.] :  |b U.S. Department of Justice, Office of Justice Programs, Bureau of Justice Statistics,  |c 2014. 
300 |a 1 online resource (29 pages) :  |b illustrations. 
336 |a text  |b txt  |2 rdacontent 
337 |a computer  |b c  |2 rdamedia 
338 |a online resource  |b cr  |2 rdacarrier 
490 1 |a Special report 
500 |a Title from title screen (viewed Aug. 14, 2015). 
500 |a "September 2014." 
500 |a "NCJ 247076." 
650 0 |a Victims of violent crimes  |z United States  |v Statistics. 
650 0 |a Violent crimes  |z United States  |v Statistics. 
700 1 |a Truman, Jennifer L.,  |e author. 
710 1 |a United States.  |b Bureau of Justice Statistics,  |e issuing body. 
830 0 |a Special report (United States. Bureau of Justice Statistics) 
856 4 0 |u https://purl.fdlp.gov/GPO/gpo59967  |t 0 
856 4 0 |u http://purl.fdlp.gov/GPO/gpo59967  |t 0 
999 f f |s 5fb1f2aa-73d6-362b-963e-37a8559a736b  |i b0166a2a-d83b-3039-a205-4e5249be231a  |t 0 
952 f f |a Texas A&M University  |b College Station  |c Electronic Resources  |d Available Online  |t 0  |e J 29.13:SO 1  |h Superintendent of Documents classification 
998 f f |a J 29.13:SO 1  |t 0  |l Available Online